Revolución y literatura (Record no. 126757)

MARC details
000 -LEADER
campo de control de longitud fija 00658nam a2200181 4500
001 - NÚMERO DE CONTROL
campo de control 126757
003 - IDENTIFICADOR DE NÚMERO DE CONTROL
campo de control ES-MaACL
005 - FECHA Y HORA DE LA ÚLTIMA TRANSACCIÓN
campo de control 20230906192855.0
007 - CAMPO FIJO DE DESCRIPCIÓN FÍSICA--INFORMACIÓN GENERAL
campo de control de longitud fija t|
008 - DATOS DE LONGITUD FIJA--INFORMACIÓN GENERAL
campo de control de longitud fija 070214s1977 sp r ||||1| spa d
245 00 - MENCIÓN DEL TÍTULO
Título Revolución y literatura
Resto del título : (relaciones entre tradición, revolución y literatura) /
Mención de responsabilidad, etc. edición a cargo de Werner Mittenzwei, Reincharz Weisbach ; traducción de José Luis Pascual Arranz.
260 ## - PUBLICACIÓN, DISTRIBUCIÓN, ETC.
Lugar de publicación, distribución, etc. Madrid :
Nombre del editor, distribuidor, etc. Akal,
Fecha de publicación, distribución, etc. 1977.
300 ## - DESCRIPCIÓN FÍSICA
Extensión 185 p. ;
Dimensiones 22 cm.
700 1# - ENTRADA AGREGADA--NOMBRE PERSONAL
Nombre de persona Mittenzwei, Werner.
9 (RLIN) 81715
700 1# - ENTRADA AGREGADA--NOMBRE PERSONAL
Nombre de persona Weisbach, Reincharz.
9 (RLIN) 116383
700 1# - ENTRADA AGREGADA--NOMBRE PERSONAL
Nombre de persona Pascual Arranz, José Luis.
9 (RLIN) 89370
852 ## - LOCALIZACIÓN
Ubicación ES-MaACL
Número de control de estantería A-8291
Sublocalización o colección R.97462
Holdings
Estatus retirado Estado de pérdida Estado de daño No para préstamo Biblioteca de origen Biblioteca actual Ubicación en estantería Fecha de adquisición Fuente de adquisición Total de préstamos Signatura topográfica completa Código de barras Visto por última vez Precio de reemplazo Tipo de ítem Koha
        Biblioteca del Ateneo de Madrid Biblioteca del Ateneo de Madrid Sala Pecera Planta 1 17/01/2008     A-8291 1132029 23/02/2023 23/02/2023 Libro impreso